<?xml version="1.0" encoding="UTF-8"?>
<collection xmlns="http://www.loc.gov/MARC21/slim">
 <record>
  <leader>01192ppm a22002538a 4500</leader>
  <controlfield tag="001">00045131</controlfield>
  <controlfield tag="005">20191031091028.0</controlfield>
  <controlfield tag="008">170228s2013                  ||||||Viesd</controlfield>
  <datafield tag="041" ind1="0" ind2="#">
   <subfield code="a">Vie</subfield>
  </datafield>
  <datafield tag="082" ind1="1" ind2="4">
   <subfield code="a">495.922</subfield>
   <subfield code="b">T550CH</subfield>
  </datafield>
  <datafield tag="100" ind1="1" ind2="#">
   <subfield code="a">Lê, Thị Phượng</subfield>
  </datafield>
  <datafield tag="245" ind1="0" ind2="0">
   <subfield code="a">Từ chỉ tên gọi hoa ở thành phố Sa Đéc, Đồng Tháp dưới góc nhìn ngôn ngữ - văn hóa</subfield>
   <subfield code="b">Luận văn thạc sĩ Ngữ văn. Chuyên ngành: Ngôn ngữ Việt Nam. Mã số: 8 22 01 02</subfield>
   <subfield code="c">Lê Thị Phượng; Trần Hoàng Anh (hướng dẫn)</subfield>
  </datafield>
  <datafield tag="260" ind1="#" ind2="#">
   <subfield code="a">Đồng Tháp</subfield>
   <subfield code="b">Đại học Đồng Tháp</subfield>
   <subfield code="c">2019</subfield>
  </datafield>
  <datafield tag="300" ind1="#" ind2="#">
   <subfield code="a">105 tr. + phụ lục</subfield>
   <subfield code="c">30 cm.</subfield>
   <subfield code="e">1 bản tóm tắt + 1 CD</subfield>
  </datafield>
  <datafield tag="500" ind1="#" ind2="#">
   <subfield code="a">ĐTTS ghi: Bộ giáo dục và đào tạo. Trường Đại học Đồng Tháp</subfield>
  </datafield>
  <datafield tag="653" ind1="#" ind2="#">
   <subfield code="a">Luận văn</subfield>
  </datafield>
  <datafield tag="653" ind1="#" ind2="#">
   <subfield code="a">Đồng Tháp</subfield>
  </datafield>
  <datafield tag="653" ind1="#" ind2="#">
   <subfield code="a">Văn hóa</subfield>
  </datafield>
  <datafield tag="653" ind1="#" ind2="#">
   <subfield code="a">Ngôn ngữ</subfield>
  </datafield>
  <datafield tag="653" ind1="#" ind2="#">
   <subfield code="a">Tên gọi hoa</subfield>
  </datafield>
  <datafield tag="700" ind1="1" ind2="#">
   <subfield code="a">Trần, Hoàng Anh</subfield>
   <subfield code="e">Hướng dẫn</subfield>
  </datafield>
  <datafield tag="852" ind1="#" ind2="#">
   <subfield code="j">LV.0002533</subfield>
   <subfield code="j">LV.0002532</subfield>
  </datafield>
  <datafield tag="910" ind1="#" ind2="#">
   <subfield code="d">31/10/2019</subfield>
  </datafield>
  <datafield tag="980" ind1="#" ind2="#">
   <subfield code="a">Trung tâm Học liệu Lê Vũ Hùng, Trường Đại học Đồng Tháp</subfield>
  </datafield>
 </record>
</collection>
